[Event "POL-chT 2nd League South"]
[Site "Wisla"]
[Date "1998.??.??"]
[Round "?"]
[White "Swol, Michal"]
[Black "Kopacz, Grzegorz"]
[Result "1/2-1/2"]
[WhiteElo "2250"]
[BlackElo "2175"]
[PlyCount "31"]
[EventDate "1998.11.20"]
[EventType "team-swiss"]
[EventRounds "10"]
[EventCountry "POL"]
[SourceTitle "EXT 2000"]
[Source "ChessBase"]
[SourceDate "1999.11.16"]
[SourceVersion "1"]
[SourceVersionDate "1999.11.16"]
[SourceQuality "1"]

1. d4 Nf6 2. c4 c5 3. d5 b5 4. Nf3 g6 5. cxb5 a6 6. e3 axb5 7. Bxb5 Bg7 8. 0-0 Ba6 9. Bxa6 Rxa6 10. Qd3 0-0 11. Na3 d6 12. Nc4 Nbd7 13. Bd2 Qa8 14. e4 Rxa2 15. Rad1 Rb8 16. Bc3 1/2-1/2

[Event "POL-chT 2nd League South"]
[Site "Wisla"]
[Date "1998.??.??"]
[Round "?"]
[White "Swol, Michal"]
[Black "Olszynski, Kazimierz"]
[Result "1-0"]
[WhiteElo "2250"]
[BlackElo "2240"]
[PlyCount "101"]
[EventDate "1998.11.20"]
[EventType "team-swiss"]
[EventRounds "10"]
[EventCountry "POL"]
[SourceTitle "EXT 2000"]
[Source "ChessBase"]
[SourceDate "1999.11.16"]
[SourceVersion "1"]
[SourceVersionDate "1999.11.16"]
[SourceQuality "1"]

1. d4 g6 2. c4 Bg7 3. Nc3 e6 4. e4 d6 5. Nf3 Ne7 6. Be3 h6 7. Qd2 Nd7 8. Bd3 a6 9. h3 Rb8 10. g4 c5 11. d5 e5 12. Rg1 g5 13. h4 f6 14. h5 Nb6 15. Rb1 Na8 16. b4 Qc7 17. Bc2 cxb4 18. Rxb4 b6 19. Ba4+ Kf7 20. Qd3 Rd8 21. Nd2 Bf8 22. f3 Bd7 23. Ke2 Nc8 24. Rgb1 Be7 25. Nf1 Na7 26. Bxd7 Rxd7 27. Ng3 Rc8 28. Nf5 Bf8 29. Bxb6 Nxb6 30. Rxb6 Qxc4 31. Qxc4 Rxc4 32. Rb7 Ke8 33. Kd3 Rc5 34. Rxd7 Kxd7 35. Rb7+ Rc7 36. Rb6 Nc8 37. Rxa6 Rb7 38. a4 Rb2 39. Rc6 Na7 40. Ra6 Nc8 41. Nb5 Rb3+ 42. Nc3 Rb2 43. a5 Kc7 44. Rc6+ Kb7 45. Kc4 Rc2 46. Kb3 Rf2 47. a6+ Kb8 48. Nb5 Rxf3+ 49. Kb4 Rf1 50. a7+ Nxa7 51. Rb6+ 1-0

[Event "Porz op 9495 32nd"]
[Site "Cologne"]
[Date "1995.??.??"]
[Round "8"]
[White "Cmiel, Thorsten"]
[Black "Swol, Michal"]
[Result "0-1"]
[WhiteElo "2285"]
[BlackElo "2310"]
[PlyCount "78"]
[EventDate "1994.??.??"]
[EventType "swiss"]
[EventRounds "9"]
[EventCountry "GER"]
[SourceTitle "EXT 2002"]
[Source "ChessBase"]
[SourceDate "2001.11.25"]
[SourceVersion "1"]
[SourceVersionDate "2001.11.25"]
[SourceQuality "1"]

1. Nf3 Nf6 2. c4 g6 3. Nc3 d5 4. cxd5 Nxd5 5. Qa4+ Nc6 6. Ne5 Ndb4 7. a3 Bg7 8. axb4 Bxe5 9. b5 Nb8 10. e3 0-0 11. d4 Bg7 12. Be2 c6 13. 0-0 cxb5 14. Bxb5 Bd7 15. Rd1 a6 16. Bxd7 Qxd7 17. Qb3 Nc6 18. Na4 Na5 19. Qb4 Nc6 20. Qb3 Na5 21. Qc3 Qb5 22. Bd2 Nb3 23. Ra3 Nxd2 24. Qxd2 Rfc8 25. Nc5 b6 26. Rb3 Qc6 27. Nd3 Qd6 28. Rc3 e5 29. dxe5 Bxe5 30. Nxe5 Qxe5 31. Rxc8+ Rxc8 32. h3 Kg7 33. Rc1 Rxc1+ 34. Qxc1 a5 35. f4 Qf6 36. Qd2 b5 37. e4 b4 38. Kh2 Qb6 39. e5 Qc6 0-1

[Event "Cappelle op 11th"]
[Site "Cappelle la Grande"]
[Date "1995.??.??"]
[Round "6"]
[White "Shtyrenkov, Veniamen"]
[Black "Swol, Michal"]
[Result "1-0"]
[WhiteElo "2460"]
[BlackElo "2270"]
[PlyCount "135"]
[EventDate "1995.03.??"]
[EventType "swiss"]
[EventRounds "9"]
[EventCountry "FRA"]
[SourceTitle "EXT 1997"]
[Source "ChessBase"]
[SourceDate "1996.11.15"]
[SourceVersion "1"]
[SourceVersionDate "1996.11.15"]
[SourceQuality "1"]

1. e4 c5 2. Nf3 Nc6 3. d4 cxd4 4. Nxd4 Nf6 5. Nc3 d6 6. Bc4 Qb6 7. Nb3 e6 8. Bf4 Ne5 9. Be2 Bd7 10. Be3 Qc7 11. Nb5 Bxb5 12. Bxb5+ Ned7 13. Nd2 Qa5 14. c4 Be7 15. 0-0 0-0 16. Ba4 Rfd8 17. Bc2 d5 18. exd5 exd5 19. Nb3 Qb4 20. cxd5 Nb6 21. Qf3 Nbxd5 22. Bd4 a5 23. a3 Qb5 24. Bd3 Qd7 25. Rfd1 Qe8 26. Nc5 Bxc5 27. Bxc5 Qe5 28. Bd4 Qf4 29. Qxf4 Nxf4 30. Bf1 N6d5 31. Rd2 Ne6 32. Rad1 g6 33. Be5 Ne7 34. Bf6 Rxd2 35. Rxd2 Nc6 36. Rd7 Nc5 37. Rc7 Ne4 38. Bh4 g5 39. Bg3 Nxg3 40. hxg3 Rb8 41. f4 gxf4 42. gxf4 Kg7 43. Bc4 Nd8 44. g4 b6 45. Kf2 Rb7 46. Rxb7 Nxb7 47. Ke3 Nd8 48. Kd4 Kf6 49. Kd5 Ke7 50. g5 Ne6 51. Ke5 Nc5 52. Bb5 Ne6 53. Bd3 Nf8 54. Kd5 Ne6 55. Kc6 Nxf4 56. Bxh7 Ne6 57. Kxb6 Nxg5 58. Bc2 Kd6 59. Kxa5 Kc7 60. b4 Nf3 61. b5 Nd4 62. Bd3 Kb7 63. Kb4 Ne6 64. Bc4 Nd4 65. Kc5 Nc2 66. a4 f5 67. a5 Ne3 68. b6 1-0

[Event "EU-ch U18"]
[Site "Zagan"]
[Date "1995.??.??"]
[Round "2"]
[White "Socko, Bartosz"]
[Black "Swol, Michal"]
[Result "1-0"]
[WhiteElo "2485"]
[BlackElo "2325"]
[PlyCount "81"]
[EventDate "1995.??.??"]
[EventType "swiss"]
[EventRounds "11"]
[EventCountry "POL"]
[SourceTitle "EXT 1997"]
[Source "ChessBase"]
[SourceDate "1996.11.15"]
[SourceVersion "1"]
[SourceVersionDate "1996.11.15"]
[SourceQuality "1"]

1. e4 c5 2. Nf3 Nc6 3. d4 cxd4 4. Nxd4 Nf6 5. Nc3 d6 6. Bg5 e6 7. Qd2 a6 8. 0-0-0 h6 9. Be3 Bd7 10. f3 b5 11. g4 Nxd4 12. Qxd4 Qc7 13. h4 Bc6 14. Bh3 b4 15. Qxb4 d5 16. Qb6 Qxb6 17. Bxb6 dxe4 18. fxe4 Bb4 19. Bd4 Nxe4 20. Bg2 Bxc3 21. Bxc3 0-0 22. Bd4 Rac8 23. Rhe1 f5 24. gxf5 exf5 25. b3 g5 26. hxg5 hxg5 27. Bf1 Bb5 28. c4 Bc6 29. Kb2 Rce8 30. c5 Bb5 31. Bg2 Bc6 32. Rh1 Re6 33. Rh5 g4 34. Rdh1 Ng3 35. Rg5+ Kf7 36. Rh7+ Ke8 37. Bxc6+ Rxc6 38. Rgg7 Ne4 39. Ra7 Kd8 40. Be5 Rxc5 41. Ra8+ 1-0

[Event "POL-ch U18"]
[Site "Brzeg Dolny"]
[Date "1995.??.??"]
[Round "8"]
[White "Swol, Michal"]
[Black "Bobras, Piotr"]
[Result "1/2-1/2"]
[WhiteElo "2270"]
[BlackElo "2285"]
[PlyCount "72"]
[EventDate "1995.??.??"]
[EventType "swiss"]
[EventRounds "11"]
[EventCountry "POL"]
[SourceTitle "EXT 2001"]
[Source "ChessBase"]
[SourceDate "2000.11.22"]
[SourceVersion "1"]
[SourceVersionDate "2000.11.22"]
[SourceQuality "1"]

1. d4 Nf6 2. c4 e6 3. Nc3 Bb4 4. Qc2 0-0 5. a3 Bxc3+ 6. Qxc3 b6 7. Bg5 c5 8. dxc5 bxc5 9. e3 d6 10. Nf3 Nbd7 11. Bd3 Rb8 12. 0-0 Qb6 13. Rab1 a5 14. b3 Bb7 15. Qc2 Bxf3 16. gxf3 Qc6 17. e4 e5 18. Bd2 Ra8 19. f4 exf4 20. Bxf4 Ne5 21. f3 Nh5 22. Bg3 Nxg3 23. hxg3 f5 24. Kg2 f4 25. Qd2 Qe8 26. gxf4 Qg6+ 27. Kh3 Qh6+ 28. Kg3 Rf6 29. Be2 Raf8 30. Qd5+ Nf7 31. f5 g6 32. Rh1 Qe3 33. Qd3 Qxd3 34. Bxd3 Ne5 35. Bc2 Nc6 36. Bd3 Ne5 1/2-1/2

[Event "Porz op"]
[Site "Cologne"]
[Date "1994.??.??"]
[Round "5"]
[White "Kniest, Oliver"]
[Black "Swol, Michal"]
[Result "0-1"]
[WhiteElo "2165"]
[BlackElo "2310"]
[PlyCount "66"]
[EventDate "1994.??.??"]
[EventType "swiss"]
[EventRounds "9"]
[EventCountry "GER"]
[SourceTitle "EXT 2000"]
[Source "ChessBase"]
[SourceDate "1999.11.16"]
[SourceVersion "1"]
[SourceVersionDate "1999.11.16"]
[SourceQuality "1"]

1. d4 Nf6 2. c4 g6 3. Nc3 d5 4. cxd5 Nxd5 5. e4 Nxc3 6. bxc3 Bg7 7. Nf3 c5 8. Rb1 0-0 9. Qd2 b6 10. Bc4 Bb7 11. Qe3 cxd4 12. cxd4 Nc6 13. d5 Na5 14. Bd3 Rc8 15. Qe2 e6 16. Ba3 Bc3+ 17. Kf1 exd5 18. Bxf8 Qxf8 19. e5 Re8 20. Bb5 Re6 21. Bd7 Re7 22. e6 fxe6 23. Bxe6+ Kg7 24. Qd3 Qf6 25. Bh3 d4 26. Qd1 Ba6+ 27. Kg1 d3 28. g3 d2 29. Nxd2 Re2 30. Ne4 Rxe4 31. Bf1 Bd4 32. Qc2 Re2 33. Qc7+ Kh6 0-1

[Event "POL-ch U20"]
[Site "Poland"]
[Date "1994.??.??"]
[Round "8"]
[White "Macieja, Bartlomiej"]
[Black "Swol, Michal"]
[Result "1-0"]
[WhiteElo "2350"]
[BlackElo "2310"]
[PlyCount "115"]
[EventDate "1994.??.??"]
[EventType "tourn"]
[EventRounds "11"]
[EventCountry "POL"]
[SourceTitle "TD"]
[Source "ChessBase"]
[SourceDate "1994.03.01"]
[SourceVersion "1"]
[SourceVersionDate "1994.03.01"]
[SourceQuality "1"]

1. e4 c5 2. Nf3 Nc6 3. d4 cxd4 4. Nxd4 Nf6 5. Nc3 e5 6. Ndb5 d6 7. a4 a6 8. Na3 Be6 9. Bg5 Rc8 10. Bc4 Be7 11. Bxf6 Bxf6 12. 0-0 Nb4 13. Nd5 Nxd5 14. Bxd5 Qe7 15. c3 0-0 16. Qb3 Bxd5 17. Qxd5 Rc5 18. Qb3 Qd7 19. Nc2 Qc6 20. Rfe1 a5 21. Rad1 Kh8 22. Ne3 Qxe4 23. Rxd6 Bg5 24. Rd7 b5 25. Rxf7 Rb8 26. axb5 h6 27. b6 Qc6 28. Nf5 Bf6 29. b7 Rb5 30. Qc2 R5xb7 31. Rxb7 Qxb7 32. Re2 Qb3 33. Qxb3 Rxb3 34. Ne3 Kg8 35. Kf1 Kf7 36. Ke1 a4 37. Nc4 Ke6 38. Kd1 Kd5 39. Ne3+ Kc5 40. Kc2 Rb7 41. Ng4 Kd5 42. Re3 Rb6 43. Rd3+ Kc5 44. Rd7 Ra6 45. f3 Re6 46. Nf2 Be7 47. Ne4+ Kb6 48. c4 a3 49. bxa3 Bxa3 50. Rxg7 Be7 51. Kd3 Kc6 52. Nc3 Bg5 53. Nd5 Re8 54. Ke4 Kd6 55. g3 Rc8 56. Rg6+ Kc5 57. Kxe5 Re8+ 58. Re6 1-0

[Event "POL-ch U20"]
[Site "Poland"]
[Date "1994.??.??"]
[Round "4"]
[White "Protaziuk, Grzegorz"]
[Black "Swol, Michal"]
[Result "0-1"]
[WhiteElo "2260"]
[BlackElo "2310"]
[PlyCount "68"]
[EventDate "1994.??.??"]
[EventType "tourn"]
[EventRounds "11"]
[EventCountry "POL"]
[SourceTitle "TD"]
[Source "ChessBase"]
[SourceDate "1994.03.01"]
[SourceVersion "1"]
[SourceVersionDate "1994.03.01"]
[SourceQuality "1"]

1. e4 c5 2. Nf3 Nc6 3. d4 cxd4 4. Nxd4 Nf6 5. Nc3 e5 6. Ndb5 d6 7. Bg5 a6 8. Na3 b5 9. Nd5 Be7 10. Bxf6 Bxf6 11. c3 Bb7 12. Nc2 Nb8 13. Nce3 Nd7 14. a4 bxa4 15. Nxf6+ Nxf6 16. Qxa4+ Kf8 17. Bd3 g6 18. 0-0 Qc7 19. Rfd1 Kg7 20. Qc4 Qb6 21. Ra4 a5 22. Qa2 Qc7 23. Ra1 Rhb8 24. Qb1 Bc6 25. R4a2 a4 26. Qc2 Qb7 27. Nc4 Nxe4 28. Qe2 Rd8 29. Bxe4 Bxe4 30. Rxa4 Rxa4 31. Rxa4 Bxg2 32. Rb4 Qa8 33. Nxd6 Bh3 34. Qxe5+ Kg8 0-1

[Event "POL-ch U20"]
[Site "Poland"]
[Date "1994.??.??"]
[Round "3"]
[White "Socko, Bartosz"]
[Black "Swol, Michal"]
[Result "1-0"]
[WhiteElo "2335"]
[BlackElo "2310"]
[PlyCount "89"]
[EventDate "1994.??.??"]
[EventType "tourn"]
[EventRounds "11"]
[EventCountry "POL"]
[SourceTitle "TD"]
[Source "ChessBase"]
[SourceDate "1994.03.01"]
[SourceVersion "1"]
[SourceVersionDate "1994.03.01"]
[SourceQuality "1"]

1. e4 c5 2. Nf3 Nc6 3. d4 cxd4 4. Nxd4 Nf6 5. Nc3 e5 6. Ndb5 d6 7. Bg5 a6 8. Na3 b5 9. Nd5 Be7 10. Bxf6 Bxf6 11. c3 0-0 12. Nc2 Bg5 13. Be2 Ne7 14. Nce3 Bxe3 15. Nxe3 Bb7 16. Qd3 Qc7 17. 0-0 Rad8 18. Nd5 Bxd5 19. exd5 f5 20. a4 Rb8 21. Qd2 e4 22. axb5 axb5 23. Ra6 Qc5 24. Rd1 Ra8 25. b4 Qc7 26. Bxb5 Rxa6 27. Bxa6 Ra8 28. Bf1 Ng6 29. c4 Qb6 30. Qc3 Rc8 31. Qh3 Qxb4 32. Qxf5 Re8 33. Qd7 Re7 34. Qc8+ Nf8 35. Be2 e3 36. fxe3 Qc3 37. Bd3 g6 38. Rf1 Rf7 39. Qe8 Rxf1+ 40. Bxf1 Qf6 41. h3 Qf7 42. Qd8 Qd7 43. Qf6 Qc7 44. Be2 Qb6 45. Qe7 1-0

[Event "POL-ch U20 op"]
[Site "Biala Podlaska"]
[Date "1994.??.??"]
[Round "9"]
[White "Spisak, Czeslaw"]
[Black "Swol, Michal"]
[Result "1/2-1/2"]
[WhiteElo "2230"]
[BlackElo "2310"]
[PlyCount "88"]
[EventDate "1994.08.19"]
[EventType "swiss"]
[EventRounds "11"]
[EventCountry "POL"]
[SourceTitle "EXT 2001"]
[Source "ChessBase"]
[SourceDate "2000.11.22"]
[SourceVersion "1"]
[SourceVersionDate "2000.11.22"]
[SourceQuality "1"]

1. e4 c5 2. Nf3 Nc6 3. d4 cxd4 4. Nxd4 Nf6 5. Nc3 e5 6. Ndb5 d6 7. Bg5 a6 8. Na3 b5 9. Nd5 Be7 10. Bxf6 Bxf6 11. c3 Bb7 12. Nc2 Nb8 13. g3 Nd7 14. Bg2 0-0 15. 0-0 g6 16. Qd2 Bxd5 17. Qxd5 Nb6 18. Qd3 Qc7 19. Rfd1 Rad8 20. Nb4 Qb7 21. Nd5 Bg7 22. Nxb6 Qxb6 23. Bh3 Rfe8 24. a4 Bf8 25. axb5 axb5 26. Qd5 Rb8 27. Ra3 b4 28. Rb3 Qc5 29. cxb4 Rxb4 30. Rxb4 Qxb4 31. Rc1 Qd4 32. Qb7 d5 33. Qd7 Re7 34. Qxd5 Qxb2 35. Rc8 Qa3 36. Bf1 Re6 37. Bc4 Qe7 38. Qb5 Rf6 39. Re8 Qa7 40. Qb2 Kg7 41. Kg2 Bc5 42. f3 Bd4 43. Qb4 Bc5 44. Qb2 Bd4 1/2-1/2

[Event "POL-ch U20 op"]
[Site "Biala Podlaska"]
[Date "1994.??.??"]
[Round "2"]
[White "Suleja, Jaroslaw"]
[Black "Swol, Michal"]
[Result "1-0"]
[WhiteElo "2190"]
[BlackElo "2310"]
[PlyCount "89"]
[EventDate "1994.08.19"]
[EventType "swiss"]
[EventRounds "11"]
[EventCountry "POL"]
[SourceTitle "EXT 2001"]
[Source "ChessBase"]
[SourceDate "2000.11.22"]
[SourceVersion "1"]
[SourceVersionDate "2000.11.22"]
[SourceQuality "1"]

1. e4 c5 2. d3 e6 3. g3 d5 4. Nd2 Nc6 5. Bg2 Nf6 6. Ngf3 Be7 7. 0-0 0-0 8. c3 Rb8 9. Re1 b5 10. e5 Nd7 11. Nf1 b4 12. h4 bxc3 13. bxc3 Ba6 14. N1h2 Qc7 15. Qe2 Rb7 16. h5 Rfb8 17. h6 g6 18. Ng4 Qa5 19. Qd2 Qa4 20. c4 dxc4 21. Qf4 Qa5 22. dxc4 Qc3 23. Bd2 Qxc4 24. Re4 Rb1+ 25. Kh2 Qc2 26. Rxb1 Rxb1 27. Ng5 Nd8 28. Ra4 Rb6 29. Ba5 Bb5 30. Ra3 Qf5 31. Bxb6 Bxg5 32. Qxf5 exf5 33. Bxd8 Bxd8 34. Rxa7 Kf8 35. Ne3 Nxe5 36. f4 Nc4 37. Nxc4 Bxc4 38. a4 Bd3 39. Bd5 c4 40. Rxf7+ Ke8 41. Rxh7 c3 42. Bb3 c2 43. Bxc2 Bxc2 44. Rh8+ Ke7 45. Rxd8 1-0

[Event "Moravka opJ"]
[Site "Moravka"]
[Date "1994.??.??"]
[Round "4"]
[White "Swol, Michal"]
[Black "Fuksik, Jakub"]
[Result "1/2-1/2"]
[WhiteElo "2270"]
[BlackElo "2145"]
[PlyCount "118"]
[EventDate "1994.??.??"]
[EventType "swiss"]
[EventRounds "9"]
[EventCountry "CZE"]
[SourceTitle "EXT 1998"]
[Source "ChessBase"]
[SourceDate "1997.11.17"]
[SourceVersion "1"]
[SourceVersionDate "1997.11.17"]
[SourceQuality "1"]

1. d4 Nf6 2. c4 g6 3. Nc3 Bg7 4. Nf3 0-0 5. g3 d6 6. Bg2 Nc6 7. 0-0 a6 8. h3 Bd7 9. a4 a5 10. e4 e5 11. d5 Nb4 12. Ne1 Qe8 13. b3 Nh5 14. Ba3 Na6 15. Nd3 b6 16. Nb5 Qc8 17. Kh2 f5 18. f3 Qd8 19. exf5 e4 20. fxe4 Bxa1 21. Qxa1 gxf5 22. e5 Qg5 23. Rf3 Bxb5 24. cxb5 Nc5 25. Nxc5 bxc5 26. Bc1 Qg7 27. Bb2 dxe5 28. Bxe5 Qd7 29. Bf1 Ng7 30. Bc4 Rf7 31. d6 cxd6 32. Rd3 Ne8 33. Qd1 Rd8 34. Qh5 Qe7 35. Qxf5 Kf8 36. Bxf7 Qxf7 37. Qxf7+ Kxf7 38. Bc3 Ra8 39. Kg2 Ke6 40. Re3+ Kf7 41. Kf3 d5 42. Be5 Rd8 43. b6 d4 44. Rd3 Nd6 45. Bxd6 Rxd6 46. Ke4 Ke6 47. g4 Rxb6 48. g5 Rb7 49. Rg3 Rb4 50. Rd3 Rb7 51. h4 Rf7 52. Rg3 Rf1 53. h5 Re1+ 54. Kd3 Ke7 55. Kd2 Rh1 56. g6 hxg6 57. hxg6 Kf8 58. Rg5 Rh2+ 59. Kd1 Rh1+ 1/2-1/2

[Event "Porz op"]
[Site "Cologne"]
[Date "1994.??.??"]
[Round "7"]
[White "Swol, Michal"]
[Black "Holzke, Frank"]
[Result "1-0"]
[WhiteElo "2310"]
[BlackElo "2385"]
[PlyCount "117"]
[EventDate "1994.??.??"]
[EventType "swiss"]
[EventRounds "9"]
[EventCountry "GER"]
[SourceTitle "EXT 2000"]
[Source "ChessBase"]
[SourceDate "1999.11.16"]
[SourceVersion "1"]
[SourceVersionDate "1999.11.16"]
[SourceQuality "1"]

1. d4 Nf6 2. c4 g6 3. Nf3 Bg7 4. g3 0-0 5. Bg2 c5 6. d5 e6 7. Nc3 exd5 8. cxd5 d6 9. 0-0 a6 10. a4 Re8 11. h3 Nbd7 12. Re1 Qc7 13. e4 Rb8 14. Bf1 c4 15. Bf4 Nh5 16. Be3 b5 17. axb5 axb5 18. Ra7 Qd8 19. Nd4 Bxd4 20. Bxd4 Qg5 21. Kh2 Qh6 22. Ra5 Ndf6 23. Bg2 Bd7 24. Ra6 b4 25. Nb1 Rbd8 26. Rb6 b3 27. Na3 Nf4 28. gxf4 Qxf4+ 29. Kg1 Nxd5 30. exd5 Rxe1+ 31. Qxe1 Qxd4 32. Qe3 Qxb2 33. Nxc4 Qa1+ 34. Kh2 Re8 35. Qxb3 Qd4 36. Nxd6 Re2 37. Rb8+ Kg7 38. Qg3 Rxf2 39. Rb3 Qxd5 40. Qxf2 Qxb3 41. Qd4+ f6 42. Ne4 Qf7 43. Qd6 Qe6 44. Qc7 Qe5+ 45. Qxe5 fxe5 46. Kg3 h6 47. Bf3 Bf5 48. Nc5 h5 49. Be4 Bc8 50. Bd5 Bf5 51. Be6 Bc2 52. Bc8 g5 53. Na6 Kf6 54. Nc7 Be4 55. Nb5 Bd5 56. Nc3 Bc6 57. Nd1 Bd5 58. Ne3 Bc6 59. Kf2 1-0

[Event "POL-ch U20"]
[Site "Poland"]
[Date "1994.??.??"]
[Round "2"]
[White "Swol, Michal"]
[Black "Kania, Piotr"]
[Result "0-1"]
[WhiteElo "2310"]
[BlackElo "2275"]
[PlyCount "90"]
[EventDate "1994.??.??"]
[EventType "tourn"]
[EventRounds "11"]
[EventCountry "POL"]
[SourceTitle "TD"]
[Source "ChessBase"]
[SourceDate "1994.03.01"]
[SourceVersion "1"]
[SourceVersionDate "1994.03.01"]
[SourceQuality "1"]

1. d4 Nf6 2. c4 g6 3. Nf3 Bg7 4. g3 d6 5. Bg2 0-0 6. 0-0 Bg4 7. Nc3 Nc6 8. h3 Bxf3 9. Bxf3 Nd7 10. e3 e5 11. d5 Ne7 12. e4 a5 13. h4 f5 14. Rb1 Kh8 15. a3 Ng8 16. b4 b6 17. Kg2 Bh6 18. Rh1 Bxc1 19. Qxc1 axb4 20. axb4 Ndf6 21. Qd2 Qd7 22. Rhe1 f4 23. gxf4 Ng4 24. fxe5 Nxe5 25. Be2 Rxf2+ 26. Kxf2 Qh3 27. Qf4 Kg7 28. Rh1 Qxc3 29. Qg3 Rf8+ 30. Kg2 Qc2 31. Rhe1 Nf3 32. Qxf3 Rxf3 33. Kxf3 Nf6 34. Bf1 Qh2 35. c5 Qxh4 36. Bd3 Nd7 37. Re3 Ne5+ 38. Ke2 Qh2+ 39. Kd1 Qg1+ 40. Kd2 Nc4+ 41. Bxc4 Qxb1 42. Bb3 Qb2+ 43. Kd1 Qd4+ 44. Ke2 bxc5 45. bxc5 Qxc5 0-1

[Event "POL-ch U20 op"]
[Site "Biala Podlaska"]
[Date "1994.??.??"]
[Round "6"]
[White "Swol, Michal"]
[Black "Murawski, Grzegorz"]
[Result "0-1"]
[WhiteElo "2310"]
[BlackElo "2210"]
[PlyCount "82"]
[EventDate "1994.08.19"]
[EventType "swiss"]
[EventRounds "11"]
[EventCountry "POL"]
[SourceTitle "EXT 2001"]
[Source "ChessBase"]
[SourceDate "2000.11.22"]
[SourceVersion "1"]
[SourceVersionDate "2000.11.22"]
[SourceQuality "1"]

1. d4 Nf6 2. c4 g6 3. Nf3 Bg7 4. g3 d5 5. cxd5 Nxd5 6. Bg2 Nb6 7. Nc3 Nc6 8. d5 Bxc3+ 9. bxc3 Qxd5 10. Bf4 Qxd1+ 11. Rxd1 Be6 12. Ne5 Na5 13. 0-0 c6 14. Be3 Nac4 15. Nxc4 Bxc4 16. Bf3 Nd5 17. Bd4 f6 18. Rfe1 e5 19. e4 Nc7 20. Be3 Bxa2 21. Rd6 Be6 22. Rb1 b6 23. Rbd1 c5 24. Be2 Ke7 25. f4 exf4 26. gxf4 Rhd8 27. e5 Ne8 28. R6d2 Rxd2 29. Rxd2 Rd8 30. Rb2 Ng7 31. Bf2 Nf5 32. h4 fxe5 33. fxe5 Rd5 34. c4 Rxe5 35. Rd2 a5 36. Rb2 Nd6 37. Bg3 Rxe2 38. Rxe2 Nxc4 39. Kf2 a4 40. Rc2 a3 41. Bf4 b5 0-1

[Event "Porz op"]
[Site "Cologne"]
[Date "1994.??.??"]
[Round "6"]
[White "Swol, Michal"]
[Black "Petrienko, Vladimir"]
[Result "1/2-1/2"]
[WhiteElo "2310"]
[BlackElo "2450"]
[PlyCount "44"]
[EventDate "1994.??.??"]
[EventType "swiss"]
[EventRounds "9"]
[EventCountry "GER"]
[SourceTitle "EXT 2000"]
[Source "ChessBase"]
[SourceDate "1999.11.16"]
[SourceVersion "1"]
[SourceVersionDate "1999.11.16"]
[SourceQuality "1"]

1. d4 f5 2. g3 g6 3. Bg2 Bg7 4. Nh3 Nc6 5. c3 d6 6. Nd2 Nf6 7. Qb3 e5 8. dxe5 Nxe5 9. Nf4 c6 10. h4 d5 11. Nf3 Nfg4 12. Nxe5 Nxe5 13. Be3 Nc4 14. Bd4 Bxd4 15. cxd4 Qb6 16. Qxb6 axb6 17. b3 Nd6 18. f3 Ke7 19. Kd2 Be6 20. Rhe1 Bf7 21. Nd3 h6 22. a4 Rhf8 1/2-1/2

[Event "Porz op"]
[Site "Cologne"]
[Date "1994.??.??"]
[Round "8"]
[White "Welz, Peter"]
[Black "Swol, Michal"]
[Result "0-1"]
[WhiteElo "2300"]
[BlackElo "2310"]
[PlyCount "104"]
[EventDate "1994.??.??"]
[EventType "swiss"]
[EventRounds "9"]
[EventCountry "GER"]
[SourceTitle "EXT 2000"]
[Source "ChessBase"]
[SourceDate "1999.11.16"]
[SourceVersion "1"]
[SourceVersionDate "1999.11.16"]
[SourceQuality "1"]

1. e4 c5 2. c4 d6 3. g3 Nf6 4. Bg2 g6 5. Ne2 Bg7 6. Nbc3 0-0 7. d3 Nc6 8. 0-0 Rb8 9. a3 a6 10. Rb1 b5 11. cxb5 axb5 12. b4 cxb4 13. axb4 e5 14. Kh1 Be6 15. f4 Ne7 16. h3 Qd7 17. Kh2 Rfc8 18. Qe1 Ne8 19. Bd2 d5 20. fxe5 d4 21. Nd1 Nc6 22. Nf4 Nxe5 23. Nf2 Rc2 24. Nxe6 Qxe6 25. Bf4 Ra8 26. Bxe5 Bxe5 27. Rc1 Rxc1 28. Qxc1 h5 29. h4 Qd6 30. Qg5 Kg7 31. Kg1 Ra2 32. g4 f6 33. Qc1 Bh2+ 34. Kh1 Bg3 35. Qc8 Nc7 36. e5 Qxe5 37. Ne4 Bxh4 38. g5 Bxg5 39. Nxg5 Qxg5 40. Qxc7+ Kh6 41. Qc6 f5 42. Qd5 Rb2 43. Qa8 Qf6 44. Qa3 Rd2 45. Qa5 Qe5 46. Qd8 Rxd3 47. Qf8+ Kg5 48. Rg1 Kh4 49. Qd8+ g5 50. Bf3 Qf4 51. Bg2 Rh3+ 52. Bxh3 Kxh3 0-1

[Event "Katowice Fibak op"]
[Site "Katowice"]
[Date "1993.??.??"]
[Round "3"]
[White "Kostyra, Stanislaw"]
[Black "Swol, Michal"]
[Result "1-0"]
[WhiteElo "2375"]
[BlackElo "2140"]
[PlyCount "91"]
[EventDate "1993.01.??"]
[EventType "swiss"]
[EventRounds "9"]
[EventCountry "POL"]
[SourceTitle "EXT 1998"]
[Source "ChessBase"]
[SourceDate "1997.11.17"]
[SourceVersion "1"]
[SourceVersionDate "1997.11.17"]
[SourceQuality "1"]

1. e4 c5 2. Nc3 Nc6 3. Nf3 Nf6 4. Bb5 a6 5. Bxc6 bxc6 6. 0-0 d6 7. e5 Nd5 8. h3 Nc7 9. d3 Ne6 10. Re1 h6 11. b3 g6 12. Bb2 Bg7 13. exd6 exd6 14. Na4 0-0 15. Bxg7 Kxg7 16. Qd2 Rb8 17. d4 cxd4 18. Nxd4 Nxd4 19. Qxd4+ Qf6 20. Rad1 Rd8 21. c4 Be6 22. Re2 d5 23. Red2 Qxd4 24. Rxd4 Re8 25. c5 Rb5 26. f3 Rb7 27. Kf2 Rbe7 28. Re1 Bf5 29. Rxe7 Rxe7 30. g4 Be6 31. Rb4 Bc8 32. Rb8 Bb7 33. Rd8 Kf6 34. Nc3 Rc7 35. Ne2 a5 36. Nd4 Ke5 37. Ke3 Kf6 38. h4 h5 39. gxh5 gxh5 40. Kf4 Ke7 41. Rh8 Bc8 42. Rxh5 Bd7 43. Rh8 Rb7 44. a3 Kf6 45. Ra8 Rc7 46. h5 1-0